Name a Valid Answer - Formula 1 - Statistics

General Stats
  • This quiz has been taken 590 times
  • The average score is 11 of 14
Answer Stats
Category Answer % Correct
African countries that have hosted a GP Morocco | South Africa
96%
Countries visited by F1 with a population less than 10 million Monaco | Austria | Hungary | Bahrain | United Arab Emirates | Singapore | Switzerland | Qatar
92%
Previous tyre suppliers Avon | Bridgestone | Continental | Dunlop | Englebert | Firestone | Goodyear | Michelin
89%
Countries other than UAE that have hosted a season finale (the last race) Italy | Spain | Morocco | United States | South Africa | Mexico | Japan | Canada | Portugal | Australia | Malaysia | Brazil
87%
Drivers of the most common podium trio (i.e. appear on the podiums together) Valtteri Bottas | Lewis Hamilton | Max Verstappen
85%
Constructors that withdrew or changed names in the 2010s Racing Point | Force India | Manor | Lotus | Marussia | Caterham | HRT | Virgin | Toro Rosso | Renault
81%
Pit-lane speed limits of current circuits in km/h 80 | 60
80%
Drivers who have won 20 to 25 GPs Jim Clark | Niki Lauda | Juan Manuel Fangio | Nelson Piquet | Nico Rosberg | Damon Hill | Kimi Räikkönen | Mika Häkkinen
78%
Drivers who have used a prime number as their driver number (under current system since 2014) Stoffel Vandoorne | Logan Sargeant | Daniel Ricciardo | Sebastian Vettel | Kimi Räikkönen | Sergio Pérez | Pastor Maldonado | Jules Bianchi | Felipe Massa | Alexander Albon | Esteban Ocon | Mick Schumacher | Alexander Rossi | Jack Aitken
75%
Non-Ferrari Teammates of Michael Schumacher Andrea de Cesaris | Johnny Herbert | Jos Verstappen | JJ Lehto | Martin Brundle | Nelson Piquet | Nico Rosberg
69%
Circuits in France that had hosted the French GP Le Mans | Reims | Rouen-Les-Essarts | Circuit Paul Ricard | Dijon-Prenois | Magny-Cours
66%
Rookies of 2017 Pierre Gasly | Antonio Giovinazzi | Breden Hartley | Lance Stroll
66%
Ex-Ferrari team principals since 2000 Jean Todt | Stefano Domenicali | Marco Mattiacci | Maurizio Arrivabene | Mattia Binotto
55%
Italian drivers who have won their home GP Giuseppe Farina | Alberto Ascari | Ludovico Scarfiotti
52%
No matching quizzes found
Score Distribution
Percent of People with Each Score
Percentile by Number Answered
Your Score History
You have not taken this quiz